• 首页
  • 本馆介绍
  • 公告通知
  • 最新文献
  • 馆藏检索
  • 电子资源
  • 读者荐购
  • 参考咨询
  • CALIS
  • 我的图书馆
  • 登录
  • 详细信息显示
  • 放入我的书架
  • 预约/预借图书
  • 作者相关作品
  • 分类相关作品
  • 丛书相关作品
  • 出版社相关作品

书目信息

  • 表格格式
  • 工作单格式
  • 卡片格式
题名:
现代综合评价方法与案例精选
    
 
作者: 杜栋 , 庞庆华 编著
分册:  
出版信息: 北京   清华大学出版社  2021.06
页数: 267页
开本: 24cm
丛书名: 管理科学与工程学科研究生系列教材
单 册:
中图分类: F224.12
科图分类:
主题词: 经济--计算 , 经济数学--方法
电子资源:
ISBN: 978-7-302-58209-0
 
 
 
 
 
000 00814nam0 2200253 45
001 2358740039
005 20230211162313.49
010    @a978-7-302-58209-0@dCNY 49.00
100    @a20230211d2021 km y0chiy0120 ea
101 0  @achi
102    @aCN@b110000
200 1  @a现代综合评价方法与案例精选@Axian dai zong he ping jia fang fa yu an li jing xuan@f杜栋,庞庆华 编著@Fdu dong,pang qing hua bian zhu
205    @a4版
210    @a北京@c清华大学出版社@d2021.06
215    @a267页@d24cm
225 2  @a管理科学与工程学科研究生系列教材
410  0 @12001 @a管理科学与工程学科研究生系列教材
606 0  @a经济@x计算
606 0  @a经济数学@x方法
690    @aF224.12@v4
701  0 @a杜栋@Adu dong@4编著
701  0 @a庞庆华@Apang qing hua@4编著
801  0 @aCN@b河南城建学院图书馆@c20230211
905    @dF224.12@eD812
    
    现代综合评价方法与案例精选/杜栋,庞庆华 编著.-4版.-北京:清华大学出版社,2021.06
    267页;24cm.-(管理科学与工程学科研究生系列教材)
    
    
    ISBN 978-7-302-58209-0:CNY 49.00
    
●
相关链接 在E读中查询图书 在当当中查询图书 在豆瓣中查询图书


正题名:现代综合评价方法与案例精选     索取号:F224.12/D812         预约/预借

序号 登录号 条形码 馆藏地/架位号 状态 备注
1 1507721   215077217   管理学院资料室/ [索取号:F224.12/D812] 在馆    
河南城建学院图书馆 欢迎您!
大连网信软件有限公司© 版权所有